Responses for Show #7212 - Tuesday, January 12, 2016

WE ASKED: Mo Rocca.

Contestants

[<< previous game]

Amelia Hershberger, a management analyst from Albany, New York

Lisa Cech, an information coordinator from Lakewood, Ohio

Adam Hoskins, an attorney from Columbia, Missouri (whose 2-day cash winnings total $42,402)

[next game >>]

Jeopardy! Round responses

WISCONSIN
(Alex: Good state!)
THAT'S THE SPIRIT
GOVERNMENT & POLITICS
WORDS OF DESIRE
NONFICTION
THE WEEKEND IN POP CULTURE
    $200 22
(Alex: The [*] State. Yeah.)

badger

Adam
    $200 7
rum

Lisa
    $200 19
Kevin McCarthy

Amelia
    $200 21
wish

Adam
    $200 1
Teddy Roosevelt

Amelia
    $200 2
Saturday Night Live

Adam
    $400 23
Frank Lloyd Wright

Adam
    $400 8
vodka

Lisa
    $400 20
two-thirds

Lisa
    $400 27
a request

Amelia
    $400 15
(Vladimir) Nabokov

Amelia
    $400 3
Sunday Morning

Adam
    $600 24
maritime

Triple Stumper
    $600 9
(Adam: What is whiskey?)
(Alex: That's right. Be more specific, though.)
(Adam: What is [*]?)

bourbon

Adam
    $2,000 12
Labor

Amelia
    $600 28
a plea

Lisa
    $600 16
(Jeff) Bezos

Adam
    $600 4
feel my face

Adam
    $800 25
the cranberry

Lisa
    $800 10
gin

Amelia
    $800 14
the Joint Chiefs of Staff

Amelia
    $800 29
crave

Lisa
    $800 17
the Lusitania

Triple Stumper
    $800 5
Weekend at Bernie's

Lisa
    $1000 26
Fond du Lac

Adam
    $1000 11
cognac

Amelia
    $1000 13
Josh Earnest

Triple Stumper
    $1000 30
yearning

Adam
    $1000 18
Kevorkian

Adam
    $1000 6
the Bay City Rollers

Lisa

Scores at the first commercial break (after clue 15):

Adam Lisa Amelia
$1,800 $2,400 $5,200

Scores at the end of the Jeopardy! Round:

Adam Lisa Amelia
$6,200 $5,000 $5,800

Double Jeopardy! Round responses

FIRST ISSUES
WAR OF THE GENERALS
NEW PLACE NAME RHYME TIME
OSCAR WINNERS ON TV
"H" 2"O"
(Alex: Each correct response will begin with the letter "H", and it'll be followed at some point by a double "O".)
HORSE HEALTH
(Sarah: From the equine facilities at UC Davis. We'll see if their needs and complaints are so different from ours.)
    $400 6
Reader's Digest

Amelia
    $400 11
the Civil War

Adam
    $400 12
Istanbul wool

Adam
    $400 1
Jessica Lange

Amelia
    $400 17
hardwood

Adam
    $400 22
artificial insemination

Lisa
    $800 7
Variety

Lisa
    $800 13
a France trance

Adam
    $800 2
(Lisa: What is Medium?)

CSI: Cyber

LisaAmelia
    $800 18
heirloom

Adam
    $800 23
a gallop

Lisa
    $1200 8
(Amelia: Who are The Everly Brothers?)

The Righteous Brothers

LisaAmelia
    $1200 26
Spanish Civil War

Triple Stumper
    $1200 14
Beijing fling

Adam
    $1200 3
Jane Fonda

Amelia
    $1200 19
High Noon

Amelia
    $4,400 24
(Alex: And we have less than 60 seconds.)

its age

Lisa
    $3,000 9
(Lisa: What is Cosmopolitan?)

Ms.

Lisa
    $1600 27
World War I

Triple Stumper
    $1600 15
(Amelia: What is a Milan salon?)

a Taiwan salon

Amelia
Triple Stumper
    $1600 4
As Good As It Gets

Adam
    $1600 20
hoosegow

Adam
    $1600 25
colic

Amelia
    $2000 10
Atlantic Monthly

Triple Stumper
    $2000 16
Belize fees

Triple Stumper
    $2000 5
Saving Grace

Amelia
    $2000 21
a haboob

Triple Stumper
    $2000 28
[The end-of-round signal sounds.]

endorphins

Lisa

Scores at the end of the Double Jeopardy! Round:

Adam Lisa Amelia
$13,400 $10,800 $10,600

[wagering suggestions for these scores]

Final Jeopardy! Round responses

HYMNS
AmeliaWhat is Amazing Grace?
$10,600
LisaWhat is Amazing Grace?
$4,500
AdamWhat is "Swing Low, Sweet Chariot"
$8,201
"Amazing Grace"

Final scores:

Adam Lisa Amelia
$5,199 $15,300 $21,200
3rd place: $1,000 2nd place: $2,000 New champion: $21,200

Game dynamics:

Coryat scores:

Adam Lisa Amelia
$13,400 $10,600 $9,200
19 R,
0 W
14 R
(including 1 DD),
2 W
(including 1 DD)
15 R
(including 1 DD),
2 W

Combined Coryat: $33,200

[game clues] [game scores] [suggest correction]

Game tape date: Unknown
The J! Archive is created by fans, for fans. Scraping, republication, monetization, and malicious use prohibited; this site may use cookies and collect identifying information. See terms. The Jeopardy! game show and all elements thereof, including but not limited to copyright and trademark thereto, are the property of Jeopardy Productions, Inc. and are protected under law. This website is not affiliated with, sponsored by, or operated by Jeopardy Productions, Inc. Join the discussion at JBoard.tv.